| 000 | 00389nam a2200133Ia 4500 | ||
|---|---|---|---|
| 008 | 170221s9999 xx 000 0 und d | ||
| 245 | _aMedia and Communication: Why Another Journal? | ||
| 260 | _bMedia and Communication | ||
| 260 | _c2016 | ||
| 300 | _a15 : | ||
| 650 | _xCommunication | ||
| 650 | _xMedia Arts | ||
| 856 | _uhttp://www.librelloph.com/mediaandcommunication/issue/current | ||
| 999 |
_c312954 _d312954 |
||